Pays par niveau de bonheur - Statistiques

Statistiques générales
  • Ce quiz a été pris 164 fois
  • Le résultat moyen est 19 sur 40
Statistiques - réponses
Classement Score Pays % Correct
1 7.537 Norvège
95%
10 7.284 Suède
95%
5 7.469 Finlande
94%
7 7.316 Canada
90%
2 7.522 Danemark
90%
3 7.504 Islande
87%
14 6.993 Etats-Unis
86%
4 7.494 Suisse
82%
16 6.951 Allemagne
81%
17 6.891 Belgique
76%
9 7.284 Australie
73%
15 6.977 Irlande
73%
6 7.377 Pays-Bas
73%
18 6.863 Luxembourg
72%
8 7.314 Nouvelle-Zélande
70%
19 6.714 Royaume-Uni
69%
13 7.006 Autriche
65%
141 3.794 Afghanistan
34%
11 7.213 Israël
34%
152 3.462 Syrie
34%
20 6.652 Chili
32%
147 3.591 Soudan du Sud
32%
12 7.079 Costa Rica
27%
142 3.766 Botswana
26%
145 3.603 Haïti
26%
139 3.808 Lesotho
26%
136 3.97 Malawi
26%
151 3.471 Rwanda
26%
137 3.936 Tchad
26%
153 3.349 Tanzanie
25%
150 3.495 Togo
23%
154 2.905 Burundi
22%
146 3.593 Yemen
22%
143 3.657 Bénin
21%
148 3.533 Liberia
21%
140 3.795 Angola
20%
149 3.507 Guinée
20%
138 3.875 Zimbabwe
20%
144 3.644 Madagascar
17%
155 2.693 Centrafrique
15%
Aucun quiz correspondant
Distribution des résultats
% des personnes avec chaque résultat
Percentile par nombre de réponses
Votre historique - résultats
Vous n’avez pas pris ce quiz